Introductory college mathematics, (Record no. 15230)

000 -LEADER
fixed length control field 00405cam a22001451 4500
040 ## - CATALOGING SOURCE
Transcribing agency OTU
082 ## - DEWEY DECIMAL CLASSIFICATION NUMBER
Classification number 510 GIN 1935 A063 Or.
100 1# - MAIN ENTRY--AUTHOR NAME
Personal name Milne, William Edmund,
245 00 - TITLE STATEMENT
Title Introductory college mathematics,
260 ## - PUBLICATION, DISTRIBUTION, ETC. (IMPRINT)
Place of publication Boston,
-- New York [etc.]
Name of publisher Ginn and company
Year of publication [c1935]
300 ## - PHYSICAL DESCRIPTION
Number of Pages xiv, 383, ii, 64 p.
Other physical details diagrs.
Dimensions 24 cm.
650 #0 - SUBJECT ADDED ENTRY--TOPICAL TERM
Topical Term Mathematics.
700 1# - ADDED ENTRY--PERSONAL NAME
Personal name Davis, David Roy,
942 ## - ADDED ENTRY ELEMENTS (KOHA)
Koha item type សៀវភៅភាសាអង់គ្លេស
952 ## - LOCATION AND ITEM INFORMATION (KOHA)
Withdrawn status [LOCAL, KOHA] 0
Holdings
Permanent Location Date acquired Koha item type Lost status Shelving location Barcode Current Location Full call number
Library Block A2017-11-14សៀវភៅភាសាអង់គ្លេស A063A07422Library Block A510 GIN 1935 A063 Or.
មជ្ឈមណ្ឌលឯការនៃសាកលវិទ្យាល័យភូមិន្ទកសិកម្មចំការដូង

Powered by Koha